<?xml version="1.0" encoding="UTF-8"?>
<record
    xmlns:xsi="http://www.w3.org/2001/XMLSchema-instance"
    xsi:schemaLocation="http://www.loc.gov/MARC21/slim http://www.loc.gov/standards/marcxml/schema/MARC21slim.xsd"
    xmlns="http://www.loc.gov/MARC21/slim">

  <leader>03542njm a2200577Ia 4500</leader>
  <controlfield tag="001">24124</controlfield>
  <controlfield tag="003">IT-RoPAU</controlfield>
  <controlfield tag="005">20220918181124.0</controlfield>
  <controlfield tag="008">131025s9999    xx            000 0 und d</controlfield>
  <datafield tag="040" ind1=" " ind2=" ">
    <subfield code="a">IT-RoPAU</subfield>
  </datafield>
  <datafield tag="040" ind1=" " ind2=" ">
    <subfield code="c">IT-RoPAU</subfield>
  </datafield>
  <datafield tag="999" ind1=" " ind2=" ">
    <subfield code="c">99998</subfield>
    <subfield code="d">99998</subfield>
  </datafield>
  <datafield tag="999" ind1=" " ind2=" ">
    <subfield code="b">n.d.</subfield>
  </datafield>
  <datafield tag="100" ind1=" " ind2=" ">
    <subfield code="a">AA.VV.</subfield>
    <subfield code="9">794</subfield>
  </datafield>
  <datafield tag="100" ind1=" " ind2=" ">
    <subfield code="e">Autore musica</subfield>
    <subfield code="9">8955</subfield>
  </datafield>
  <datafield tag="100" ind1=" " ind2=" ">
    <subfield code="g">Codice autore musica SPICS: 12000</subfield>
    <subfield code="9">796</subfield>
  </datafield>
  <datafield tag="245" ind1=" " ind2=" ">
    <subfield code="a">Intimit&#xE0;-Le 4 tastiere dell'organo di Dorsey Dodd</subfield>
  </datafield>
  <datafield tag="250" ind1=" " ind2=" ">
    <subfield code="a">1a ed.</subfield>
  </datafield>
  <datafield tag="260" ind1=" " ind2=" ">
    <subfield code="a">MILANO</subfield>
  </datafield>
  <datafield tag="260" ind1=" " ind2=" ">
    <subfield code="b">VEDETTE RECORDS</subfield>
    <subfield code="c">1969 [1a Ed.:1969]</subfield>
  </datafield>
  <datafield tag="300" ind1=" " ind2=" ">
    <subfield code="a">DISCO</subfield>
  </datafield>
  <datafield tag="300" ind1=" " ind2=" ">
    <subfield code="c">31 minuti (Testo:  pag.)</subfield>
  </datafield>
  <datafield tag="500" ind1=" " ind2=" ">
    <subfield code="a">Arrangiamento di canzoni italiane</subfield>
  </datafield>
  <datafield tag="505" ind1=" " ind2=" ">
    <subfield code="a">Non illuderti mai (2:00) - Torpedo blu (3:00) - Il volto della vita (3:00) - Ho scritto t'amo sulla sabbia (3:00) - In the Mood (3:00) - La bambola (4:00) - Lola - Affida una lacrima al vento - Azzurro - Un'ora sola ti vorrei - L'ora dell'amore - Tempo di boogie (3:00)</subfield>
  </datafield>
  <datafield tag="650" ind1=" " ind2=" ">
    <subfield code="a">ARRANGIAMENTO [DISCHI]</subfield>
    <subfield code="e">Codice MATERIA SPICS: 9950</subfield>
    <subfield code="9">8956</subfield>
  </datafield>
  <datafield tag="700" ind1=" " ind2=" ">
    <subfield code="a">Dodd Dorsey</subfield>
    <subfield code="g">Codice interprete SPICS: 8019</subfield>
    <subfield code="e">Interprete</subfield>
    <subfield code="9">8957</subfield>
  </datafield>
  <datafield tag="700" ind1=" " ind2=" ">
    <subfield code="a">Pilat</subfield>
    <subfield code="g">Codice autore musica SPICS: 14084</subfield>
    <subfield code="e">Autore musica</subfield>
    <subfield code="p">Non illuderti mai</subfield>
    <subfield code="9">8958</subfield>
  </datafield>
  <datafield tag="700" ind1=" " ind2=" ">
    <subfield code="a">Pace Daniele</subfield>
    <subfield code="g">Codice autore SPICS: 13856</subfield>
    <subfield code="e">Autore</subfield>
    <subfield code="p">Non illuderti mai</subfield>
    <subfield code="9">8959</subfield>
  </datafield>
  <datafield tag="700" ind1=" " ind2=" ">
    <subfield code="a">Panzeri Mario</subfield>
    <subfield code="g">Codice autore testo/musica SPICS: 13372</subfield>
    <subfield code="e">Autore testo/musica</subfield>
    <subfield code="p">Non illuderti mai</subfield>
    <subfield code="9">8960</subfield>
  </datafield>
  <datafield tag="700" ind1=" " ind2=" ">
    <subfield code="a">Chiosso Leo</subfield>
    <subfield code="g">Codice autore musica SPICS: 13606</subfield>
    <subfield code="e">Autore musica</subfield>
    <subfield code="p">Torpedo blu</subfield>
    <subfield code="9">8961</subfield>
  </datafield>
  <datafield tag="700" ind1=" " ind2=" ">
    <subfield code="a">Gaber Giorgio</subfield>
    <subfield code="g">Codice autore SPICS: 10906</subfield>
    <subfield code="e">Autore</subfield>
    <subfield code="p">Torpedo blu</subfield>
    <subfield code="9">8962</subfield>
  </datafield>
  <datafield tag="700" ind1=" " ind2=" ">
    <subfield code="a">McWilliams </subfield>
    <subfield code="g">Codice autore musica SPICS: 25261</subfield>
    <subfield code="e">Autore musica</subfield>
    <subfield code="p">Il volto della vita</subfield>
    <subfield code="9">8963</subfield>
  </datafield>
  <datafield tag="700" ind1=" " ind2=" ">
    <subfield code="a">Mogol (Rapetti Giulio)</subfield>
    <subfield code="g">Codice autore SPICS: 13643</subfield>
    <subfield code="e">Autore</subfield>
    <subfield code="p">Il volto della vita</subfield>
    <subfield code="9">8964</subfield>
  </datafield>
  <datafield tag="700" ind1=" " ind2=" ">
    <subfield code="a">Daiano Fontana Claudio</subfield>
    <subfield code="g">Codice autore testo/musica SPICS: 14335</subfield>
    <subfield code="e">Autore testo/musica</subfield>
    <subfield code="p">Il volto della vita</subfield>
    <subfield code="9">8965</subfield>
  </datafield>
  <datafield tag="700" ind1=" " ind2=" ">
    <subfield code="a">Calabrese Giorgio</subfield>
    <subfield code="g">Codice autore testo/musica SPICS: 1368</subfield>
    <subfield code="e">Autore testo/musica</subfield>
    <subfield code="p">Ho scritto t'amo sulla sabbia</subfield>
    <subfield code="9">8966</subfield>
  </datafield>
  <datafield tag="700" ind1=" " ind2=" ">
    <subfield code="a">Mescoli G.</subfield>
    <subfield code="g">Codice autore SPICS: 14333</subfield>
    <subfield code="e">Autore</subfield>
    <subfield code="p">Ho scritto t'amo sulla sabbia</subfield>
    <subfield code="9">8967</subfield>
  </datafield>
  <datafield tag="700" ind1=" " ind2=" ">
    <subfield code="a">Razaf Andy</subfield>
    <subfield code="g">Codice autore musica SPICS: 10573</subfield>
    <subfield code="e">Autore musica</subfield>
    <subfield code="p">In the Mood</subfield>
    <subfield code="9">8968</subfield>
  </datafield>
  <datafield tag="700" ind1=" " ind2=" ">
    <subfield code="a">Garland Joe</subfield>
    <subfield code="g">Codice autore SPICS: 14425</subfield>
    <subfield code="e">Autore</subfield>
    <subfield code="p">In the Mood</subfield>
    <subfield code="9">8969</subfield>
  </datafield>
  <datafield tag="700" ind1=" " ind2=" ">
    <subfield code="a">Zambrini</subfield>
    <subfield code="g">Codice autore musica SPICS: 14080</subfield>
    <subfield code="e">Autore musica</subfield>
    <subfield code="p">La bambola</subfield>
    <subfield code="9">8970</subfield>
  </datafield>
  <datafield tag="700" ind1=" " ind2=" ">
    <subfield code="a">Migliacci Franco</subfield>
    <subfield code="g">Codice autore SPICS: 13653</subfield>
    <subfield code="e">Autore</subfield>
    <subfield code="p">La bambola</subfield>
    <subfield code="9">8971</subfield>
  </datafield>
  <datafield tag="700" ind1=" " ind2=" ">
    <subfield code="a">Cini Alessandro (= Cicognini A. 8029)</subfield>
    <subfield code="g">Codice autore testo/musica SPICS: 13532</subfield>
    <subfield code="e">Autore testo/musica</subfield>
    <subfield code="p">La bambola - Lola</subfield>
    <subfield code="9">8972</subfield>
  </datafield>
  <datafield tag="700" ind1=" " ind2=" ">
    <subfield code="a">Borella Angelo Ramiro</subfield>
    <subfield code="g">Codice autore musica SPICS: 13439</subfield>
    <subfield code="e">Autore musica</subfield>
    <subfield code="p">Lola</subfield>
    <subfield code="9">8973</subfield>
  </datafield>
  <datafield tag="700" ind1=" " ind2=" ">
    <subfield code="a">Donaldson</subfield>
    <subfield code="g">Codice autore testo/musica SPICS: 14426</subfield>
    <subfield code="e">Autore testo/musica</subfield>
    <subfield code="p">Lola</subfield>
    <subfield code="9">8974</subfield>
  </datafield>
  <datafield tag="700" ind1=" " ind2=" ">
    <subfield code="a">Adamo S.</subfield>
    <subfield code="g">Codice autore musica SPICS: 13230</subfield>
    <subfield code="e">Autore musica</subfield>
    <subfield code="p">Affida una lacrima al vento</subfield>
    <subfield code="9">8975</subfield>
  </datafield>
  <datafield tag="700" ind1=" " ind2=" ">
    <subfield code="a">Pallavicini Vito</subfield>
    <subfield code="g">Codice autore SPICS: 13656</subfield>
    <subfield code="e">Autore</subfield>
    <subfield code="p">Azzurro</subfield>
    <subfield code="9">8976</subfield>
  </datafield>
  <datafield tag="700" ind1=" " ind2=" ">
    <subfield code="a">Marchetti Gianni</subfield>
    <subfield code="g">Codice autore musica SPICS: 11622</subfield>
    <subfield code="e">Autore musica</subfield>
    <subfield code="p">Un'ora sola ti vorrei</subfield>
    <subfield code="9">8977</subfield>
  </datafield>
  <datafield tag="700" ind1=" " ind2=" ">
    <subfield code="a">Bertini Umberto</subfield>
    <subfield code="g">Codice autore SPICS: 13511</subfield>
    <subfield code="e">Autore</subfield>
    <subfield code="p">Un'ora sola ti vorrei</subfield>
    <subfield code="9">8978</subfield>
  </datafield>
  <datafield tag="700" ind1=" " ind2=" ">
    <subfield code="a">Reid H.</subfield>
    <subfield code="g">Codice autore musica SPICS: 14428</subfield>
    <subfield code="e">Autore musica</subfield>
    <subfield code="p">L'ora dell'amore</subfield>
    <subfield code="9">8979</subfield>
  </datafield>
  <datafield tag="700" ind1=" " ind2=" ">
    <subfield code="a">Brooker C.</subfield>
    <subfield code="g">Codice autore SPICS: 14427</subfield>
    <subfield code="e">Autore</subfield>
    <subfield code="p">L'ora dell'amore</subfield>
    <subfield code="9">8980</subfield>
  </datafield>
  <datafield tag="700" ind1=" " ind2=" ">
    <subfield code="a">Selmoco</subfield>
    <subfield code="g">Codice autore musica SPICS: 13949</subfield>
    <subfield code="e">Autore musica</subfield>
    <subfield code="p">Tempo di boogie</subfield>
    <subfield code="9">8981</subfield>
  </datafield>
  <datafield tag="942" ind1=" " ind2=" ">
    <subfield code="c">MD</subfield>
    <subfield code="2">ddc</subfield>
  </datafield>
  <datafield tag="952" ind1=" " ind2=" ">
    <subfield code="0">0</subfield>
    <subfield code="1">0</subfield>
    <subfield code="4">0</subfield>
    <subfield code="6">24124_000000000000000</subfield>
    <subfield code="7">1</subfield>
    <subfield code="a">SPICS</subfield>
    <subfield code="b">SPICS</subfield>
    <subfield code="d">2013-10-25</subfield>
    <subfield code="l">0</subfield>
    <subfield code="o">24124</subfield>
    <subfield code="r">2013-10-25 00:00:00</subfield>
    <subfield code="w">2013-10-25</subfield>
    <subfield code="y">MD</subfield>
    <subfield code="z">Progr. Ins.: 4971 / N.Vol.: 1 / Copie: 1 - Copia rara: n.d. / date import: 01.01.2014 - By Epidotti, Trombetti, Vaglietti</subfield>
  </datafield>
</record>
